| 000 | 00582nam a22001937a 4500 | ||
|---|---|---|---|
| 003 | CDMR | ||
| 005 | 20151202101444.0 | ||
| 008 | 140415b2014 sp ||||| |||| 00| 0bsp d | ||
| 020 | _a9788478246366 | ||
| 040 |
_bcat _cCDMR |
||
| 100 | 1 |
_94560 _aERO |
|
| 245 | 1 | 0 |
_aGente de paso _cÁlvaro Ruibal, ERO; prólogo Lluís Permanyer |
| 260 |
_aSantiago de Compostela _bSotelo Blanco _c2014 |
||
| 300 |
_a273 p. _bil. _c21 cm |
||
| 500 | _aDedicat al Centre de Documentació Montserrat Roig | ||
| 600 | 1 | 4 |
_94560 _aERO _vRecull d'escrits |
| 700 | 1 | 4 |
_9469 _aPermanyer, Lluís |
| 942 |
_cMON _2udc |
||
| 999 |
_c6730 _d6730 |
||